000 00563nam a2200181 i 4500
001 93940
003 ES-MaACL
005 20250828061921.0
007 t|
008 050422s1969 sp ||||1| spa d
100 1 _aLópez Riocerezo, José María.
_973920
245 1 0 _aHacia una auténtica educación sexual
_b: psicología-educación /
_cJosé María López Riocerezo.
260 _aMadrid :
_bStudium,
_c1969.
300 _a164 p. ;
_c18 cm.
650 7 _aEducación sexual
_2embne
_912121
852 _aES-MaACL
_jC-37217
_bR.70341
999 _c93940
_d93940